Hệ thống văn bản pháp luật và biểu thuế, danh mục hàng hóa xuất nhập khẩu Văn bản mới nhất có hiệu lực thi hành từ ngày 30/04/2001
সংরক্ষণ করুন:
| বিন্যাস: | গ্রন্থ |
|---|---|
| ভাষা: | Undetermined |
| প্রকাশিত: |
Hà Nội
Thống kê
2001
|
| ট্যাগগুলো: |
ট্যাগ যুক্ত করুন
কোনো ট্যাগ নেই, প্রথমজন হিসাবে ট্যাগ করুন!
|
| Thư viện lưu trữ: | Trung tâm Học liệu Trường Đại học Cần Thơ |
|---|
| LEADER | 00557nam a2200145Ia 4500 | ||
|---|---|---|---|
| 001 | CTU_46864 | ||
| 008 | 210402s9999 xx 000 0 und d | ||
| 082 | |a 343.597087 | ||
| 082 | |b H250/2001 | ||
| 245 | 0 | |a Hệ thống văn bản pháp luật và biểu thuế, danh mục hàng hóa xuất nhập khẩu | |
| 245 | 0 | |b Văn bản mới nhất có hiệu lực thi hành từ ngày 30/04/2001 | |
| 260 | |a Hà Nội | ||
| 260 | |b Thống kê | ||
| 260 | |c 2001 | ||
| 980 | |a Trung tâm Học liệu Trường Đại học Cần Thơ | ||